[Event "4NCL Division Four"]
[Site "Daventry, ENG"]
[Date "2022.11.06"]
[Round "2.136"]
[White "Santosh Kumar, Darsh"]
[Black "Page, Cristina"]
[Result "1-0"]
[WhiteElo "944"]
[BlackElo "800"]
[PlyCount "89"]
[EventDate "2022.11.06"]
[WhiteTeam "Cambridge University Y2"]
[BlackTeam "Barnet Knights D"]

1. e4 e5 2. Nf3 Nc6 3. Bb5 a6 4. Bxc6 bxc6 5. O-O Nf6 6. Nxe5 Bd6 7. Nf3 O-O 8.
e5 Bxe5 9. Nxe5 Re8 10. Nf3 d5 11. d4 Qd6 12. Nc3 Bg4 13. h3 Bf5 14. Be3 Rab8
15. b3 Ne4 16. Nxe4 dxe4 17. Ne5 c5 18. Nc4 Qg6 19. Ne5 Qd6 20. Qh5 g6 21. Qd1
Rbd8 22. Nc4 Qf6 23. c3 Rd5 24. Qc1 cxd4 25. Bxd4 Qh4 26. Qe3 Bd7 27. Rad1 Re6
28. Bf6 Qh5 29. Rxd5 Qxd5 30. Qd4 Qc6 31. Ne5 Rd6 32. Nxc6 Rxd4 33. Nxd4 c5 34.
Ne2 Kf8 35. Rd1 Ke8 36. Rd5 h6 37. Rxc5 Be6 38. Ra5 Bc8 39. b4 Kd7 40. b5 axb5
41. Rxb5 Ke6 42. Bd4 f5 43. c4 Ba6 44. Rb6+ Kd7 45. Rxa6 1-0

[Event "4NCL Division Four"]
[Site "Daventry, ENG"]
[Date "2022.11.06"]
[Round "2.141"]
[White "Perchard, Matthew"]
[Black "Shek, Daniel"]
[Result "0-1"]
[WhiteElo "1482"]
[BlackElo "1518"]
[PlyCount "118"]
[EventDate "2022.11.06"]
[WhiteTeam "Celtic Tigers 3"]
[BlackTeam "Crowthorne B"]

1. e4 c5 2. Nf3 d6 3. c3 g6 4. d4 cxd4 5. cxd4 Bg7 6. Nc3 Nf6 7. Be2 O-O 8. O-O
Bg4 9. Be3 Bxf3 10. Bxf3 e5 11. d5 Ne8 12. Be2 f5 13. f3 Nd7 14. Rc1 a6 15. Qd2
b5 16. b4 Nb6 17. Kh1 Nf6 18. Bd3 fxe4 19. fxe4 Nc4 20. Bxc4 bxc4 21. Qe2 Rc8
22. Bd2 Nh5 23. Rxf8+ Bxf8 24. a4 Qh4 25. Qf3 Bg7 26. g3 Qh3 27. Qg2 Qd7 28. b5
axb5 29. axb5 Bf6 30. Be3 Bd8 31. b6 Rb8 32. Rb1 Nf6 33. Qe2 Qg4 34. b7 Qd7 35.
Qb2 Ba5 36. Bd2 Bxc3 37. Bxc3 Nxe4 38. Ba5 Nc5 39. Qc3 Rxb7 40. Rxb7 Qxb7 41.
Bb4 Qxd5+ 42. Kg1 Qd4+ 43. Qxd4 exd4 44. Kf2 Nd3+ 45. Ke2 Nxb4 46. h4 c3 47. g4
d3+ 48. Kd1 Na2 49. h5 c2+ 50. Kd2 c1=Q+ 51. Kxd3 Nb4+ 52. Kd4 Qc5+ 53. Ke4
Qd5+ 54. Ke3 g5 55. h6 Qd3+ 56. Kf2 Nd5 57. Ke1 Nf4 58. Kf2 Qe2+ 59. Kg1 Qg2#
0-1

[Event "4NCL Division Four"]
[Site "Daventry, ENG"]
[Date "2022.11.06"]
[Round "2.142"]
[White "Rao, Shree"]
[Black "Rigby, Charles"]
[Result "1/2-1/2"]
[WhiteElo "1581"]
[BlackElo "1454"]
[PlyCount "68"]
[EventDate "2022.11.06"]
[WhiteTeam "Crowthorne B"]
[BlackTeam "Celtic Tigers 3"]

1. c4 c6 2. Nc3 d5 3. d4 Nf6 4. Bf4 e6 5. Nf3 Nbd7 6. e3 Be7 7. cxd5 exd5 8.
Bd3 O-O 9. O-O Re8 10. Qc2 Nf8 11. Rac1 Bd6 12. Bxd6 Qxd6 13. Rfe1 Bg4 14. Ne5
Bh5 15. Na4 N6d7 16. Nxd7 Qxd7 17. Nc5 Qc7 18. Qb3 Re7 19. Qc2 Nd7 20. Bxh7+
Kf8 21. Nxd7+ Qxd7 22. Bf5 Qd6 23. Qc5 Qf6 24. Bh3 g5 25. g3 Bf3 26. Bg2 g4 27.
Bxf3 gxf3 28. e4 Kg7 29. exd5 Rxe1+ 30. Rxe1 Qf5 31. dxc6 Qh3 32. Qg5+ Kf8 33.
Qe7+ Kg7 34. Qg5+ Kf8 1/2-1/2

[Event "4NCL Division Four"]
[Site "Daventry, ENG"]
[Date "2022.11.06"]
[Round "2.143"]
[White "Joyce, Brian"]
[Black "McKean, Matthew"]
[Result "0-1"]
[WhiteElo "1350"]
[BlackElo "1528"]
[PlyCount "70"]
[EventDate "2022.11.06"]
[WhiteTeam "Celtic Tigers 3"]
[BlackTeam "Crowthorne B"]

1. e4 e5 2. Nf3 Nc6 3. d3 Bc5 4. g3 Nf6 5. Nbd2 O-O 6. c3 Ng4 7. d4 Nxf2 8.
Kxf2 exd4 9. Kg2 d5 10. h3 Be6 11. Ng5 Qxg5 12. Nf3 Qe7 13. Qe1 dxe4 14. Ng5 f5
15. Bf4 Bd5 16. Kh2 h6 17. c4 Bf7 18. Nxf7 Rxf7 19. Rd1 e3 20. a3 a5 21. h4 Re8
22. Bg2 g5 23. Bxg5 hxg5 24. Qe2 Rh7 25. Bd5+ Kg7 26. Kg2 gxh4 27. Qf3 Rf8 28.
Rxh4 Rxh4 29. gxh4 Qxh4 30. Qg3+ Qxg3+ 31. Kxg3 f4+ 32. Kf3 Ne5+ 33. Ke4 d3 34.
Kxe5 e2 35. Rg1+ Bxg1 0-1

[Event "4NCL Division Four"]
[Site "Daventry, ENG"]
[Date "2022.11.06"]
[Round "2.151"]
[White "Mehta, Sophie"]
[Black "Mead-Herbert, Bradley"]
[Result "1/2-1/2"]
[WhiteElo "1422"]
[BlackElo "1560"]
[PlyCount "42"]
[EventDate "2022.11.06"]
[WhiteTeam "She Plays to Win Young Stars"]
[BlackTeam "Watford B"]

1. d4 e5 2. dxe5 Nc6 3. Nf3 Bc5 4. Bf4 Nge7 5. e3 O-O 6. Bc4 Ng6 7. Bg3 Re8 8.
Qd5 Qe7 9. Nc3 Nb4 10. Qd1 c6 11. O-O b5 12. Bd3 Nxd3 13. Qxd3 a5 14. a3 Ba6
15. b4 axb4 16. axb4 Bxb4 17. Ne4 d5 18. Nd6 Bxd6 19. exd6 Qb7 20. Qd4 b4 21.
Rfb1 c5 1/2-1/2

[Event "4NCL Division Four"]
[Site "Daventry, ENG"]
[Date "2022.11.06"]
[Round "2.152"]
[White "Nagesh, Poornima"]
[Black "Belur, Ankita"]
[Result "0-1"]
[WhiteElo "1500"]
[BlackElo "1413"]
[PlyCount "34"]
[EventDate "2022.11.06"]
[WhiteTeam "Watford B"]
[BlackTeam "She Plays to Win Young Stars"]

1. e4 d6 2. Nf3 Nf6 3. Bc4 Nxe4 4. O-O g6 5. d3 Nf6 6. Nc3 Bg7 7. Bf4 Nc6 8.
Qe2 Bg4 9. Ne4 Nd4 10. Nxf6+ Bxf6 11. Qe4 Bxf3 12. gxf3 c6 13. c3 d5 14. Bxd5
cxd5 15. Qe1 Nxf3+ 16. Kg2 Nxe1+ 17. Raxe1 O-O 0-1

[Event "4NCL Division Four"]
[Site "Daventry, ENG"]
[Date "2022.11.06"]
[Round "2.153"]
[White "Sengupta, Sohana"]
[Black "Patel, Ananya"]
[Result "0-1"]
[WhiteElo "1353"]
[BlackElo "1140"]
[PlyCount "82"]
[EventDate "2022.11.06"]
[WhiteTeam "She Plays to Win Young Stars"]
[BlackTeam "Watford B"]

1. e4 c6 2. d4 d5 3. Nc3 dxe4 4. Nxe4 Nf6 5. Nxf6+ exf6 6. Nf3 Bg4 7. Be2 Bd6
8. h3 Bh5 9. O-O O-O 10. Nh4 Bxe2 11. Qxe2 Re8 12. Qg4 Bf8 13. Nf5 g6 14. c3
Qd5 15. Nh6+ Bxh6 16. Bxh6 Nd7 17. Rfe1 Nb6 18. Qf4 Qh5 19. h4 Nd5 20. Qd2 Qxh4
21. Be3 Re4 22. f3 Re6 23. Bf2 Qh5 24. Rxe6 fxe6 25. c4 Nb6 26. b3 Rd8 27. Qb4
Re8 28. c5 Nd5 29. Qxb7 Nf4 30. Qxc6 Rf8 31. Qb5 Qg5 32. Qf1 h5 33. g3 h4 34.
Kh2 hxg3+ 35. Bxg3 Rf7 36. Qe1 Rh7+ 37. Kg1 Rh3 38. Qf2 Rxg3+ 39. Kf1 Rg2 40.
Qe3 Qg3 41. Qxf4 Qf2# 0-1

[Event "4NCL Division Four"]
[Site "Daventry, ENG"]
[Date "2022.11.06"]
[Round "2.154"]
[White "Patel, Aashna"]
[Black "Ashton, Alannah"]
[Result "0-1"]
[WhiteElo "1140"]
[BlackElo "1281"]
[PlyCount "44"]
[EventDate "2022.11.06"]
[WhiteTeam "Watford B"]
[BlackTeam "She Plays to Win Young Stars"]

1. d4 Nf6 2. Nf3 d5 3. e3 e6 4. b3 Be7 5. Bb2 O-O 6. Bd3 c5 7. Nbd2 Nc6 8. O-O
Bd7 9. Re1 Rc8 10. e4 dxe4 11. Nxe4 cxd4 12. Nxd4 Nb4 13. a3 Nxd3 14. Qxd3 Nxe4
15. Qxe4 Qc7 16. Rac1 Bf6 17. Red1 Rfd8 18. c4 h6 19. Rb1 a6 20. Bc1 e5 21. Nf5
Bxf5 22. Qxf5 Rxd1# 0-1

[Event "4NCL Division Four"]
[Site "Daventry, ENG"]
[Date "2022.11.06"]
[Round "2.155"]
[White "Mouskos, Mia"]
[Black "Dairi, Mahmoud"]
[Result "1-0"]
[WhiteElo "1225"]
[BlackElo "1000"]
[PlyCount "65"]
[EventDate "2022.11.06"]
[WhiteTeam "She Plays to Win Young Stars"]
[BlackTeam "Watford B"]

1. e4 c5 2. Nf3 Nc6 3. c3 e5 4. d4 cxd4 5. cxd4 exd4 6. Nxd4 Bb4+ 7. Nc3 Nf6 8.
Nxc6 bxc6 9. Bd3 d5 10. exd5 Qe7+ 11. Qe2 Qxe2+ 12. Bxe2 Nxd5 13. Bd2 Nxc3 14.
Bxc3 Bxc3+ 15. bxc3 O-O 16. O-O Re8 17. Bf3 Bb7 18. Rab1 Rab8 19. Rb3 Ba6 20.
Bxc6 Bxf1 21. Bxe8 Rxe8 22. Kxf1 Rd8 23. Rb7 a6 24. Ra7 f6 25. Rxa6 Rc8 26. Ra3
Kf7 27. Rb3 g5 28. a4 Rc5 29. Ke2 Ke6 30. Kd3 Kd5 31. Rb5 h5 32. Rxc5+ Kxc5 33.
Ke4 1-0

[Event "4NCL Division Four"]
[Site "Daventry, ENG"]
[Date "2022.11.06"]
[Round "2.156"]
[White "Balakrishnan, Akshata"]
[Black "Mehta, Hatle"]
[Result "0-1"]
[WhiteElo "859"]
[BlackElo "1200"]
[PlyCount "86"]
[EventDate "2022.11.06"]
[WhiteTeam "Watford B"]
[BlackTeam "She Plays to Win Young Stars"]

1. e4 d5 2. exd5 Qxd5 3. Nc3 Qd8 4. Nf3 c6 5. Bc4 Bg4 6. O-O e6 7. h3 Bf5 8. d3
Nf6 9. Bg5 h6 10. Bh4 Be7 11. Qe2 Nbd7 12. Rad1 O-O 13. Rfe1 Rb8 14. Ne4 Bxe4
15. dxe4 Qc7 16. Bg3 e5 17. Qd3 b5 18. Bb3 Rbd8 19. Qe3 Bc5 20. Qe2 Bb4 21. c3
Bc5 22. a4 a6 23. axb5 axb5 24. c4 b4 25. Nh4 g6 26. Kh1 Bd6 27. c5 Nxc5 28.
Bc4 Ncxe4 29. Nxg6 Nxg3+ 30. fxg3 Kg7 31. Nh4 Kh8 32. Nf5 Rg8 33. Nxh6 Rg7 34.
Rf1 Nd5 35. Qh5 f6 36. Nf7+ Kg8 37. Nxd8 Qxd8 38. Bxd5+ cxd5 39. Rxd5 Rxg3 40.
Rd2 Qa8 41. Qe2 Be7 42. Rd7 Rxh3+ 43. Kg1 Bc5+ 0-1

[Event "4NCL Division Four"]
[Site "Daventry, ENG"]
[Date "2022.11.06"]
[Round "2.161"]
[White "David, Barry A H"]
[Black "Hurney, Kevin"]
[Result "1/2-1/2"]
[WhiteElo "1685"]
[BlackElo "2056"]
[PlyCount "86"]
[EventDate "2022.11.06"]
[WhiteTeam "Deaf England"]
[BlackTeam "MASCeteers"]

1. e4 g6 2. d4 Bg7 3. Nc3 d6 4. Be3 Nf6 5. f3 c6 6. Qd2 b5 7. g4 Qa5 8. b3 Nfd7
9. Nge2 Na6 10. Bg2 Bb7 11. O-O c5 12. a4 b4 13. Nb5 Nab8 14. Rad1 a6 15. Na3
Qc7 16. Nc4 Nc6 17. d5 Nce5 18. Nxe5 Nxe5 19. h3 h5 20. g5 a5 21. f4 Nd7 22. c4
bxc3 23. Nxc3 Ba6 24. Rfe1 Rb8 25. Rb1 O-O 26. Bf1 Bxf1 27. Rxf1 Bxc3 28. Qxc3
Rb4 29. e5 dxe5 30. fxe5 Re4 31. Bf4 e6 32. d6 Qb6 33. Rbe1 c4+ 34. Be3 Qxb3
35. Bd4 Rxe1 36. Rxe1 Qxa4 37. Ra1 Qc6 38. Rxa5 Rb8 39. Qc2 Rb3 40. Qg2 Qxg2+
41. Kxg2 c3 42. Ra8+ Kg7 43. Rc8 Rb4 1/2-1/2

[Event "4NCL Division Four"]
[Site "Daventry, ENG"]
[Date "2022.11.06"]
[Round "2.162"]
[White "Moss, Jack"]
[Black "Freund, Michael P"]
[Result "1-0"]
[WhiteElo "1843"]
[BlackElo "1632"]
[PlyCount "51"]
[EventDate "2022.11.06"]
[WhiteTeam "MASCeteers"]
[BlackTeam "Deaf England"]

1. d4 e6 2. Nf3 d5 3. g3 c6 4. Bg2 Nf6 5. O-O Bd6 6. c4 O-O 7. Qc2 Nbd7 8. Nbd2
h6 9. e4 dxe4 10. Nxe4 Nxe4 11. Qxe4 Qf6 12. b3 Re8 13. Bb2 Nf8 14. Ne5 Bxe5
15. dxe5 Qe7 16. Qe3 Qc7 17. Ba3 Bd7 18. Rfd1 b6 19. Bd6 Qb7 20. Rd4 Rad8 21.
Rad1 Qc8 22. Rg4 Ng6 23. Be4 Kh8 24. Bxg6 fxg6 25. Rxg6 Rf8 26. Rxh6+ 1-0

[Event "4NCL Division Four"]
[Site "Daventry, ENG"]
[Date "2022.11.06"]
[Round "2.163"]
[White "Ajimal, Jet"]
[Black "Drugan, Mark A"]
[Result "0-1"]
[WhiteElo "1660"]
[BlackElo "1793"]
[PlyCount "66"]
[EventDate "2022.11.06"]
[WhiteTeam "Deaf England"]
[BlackTeam "MASCeteers"]

1. e4 e5 2. Nf3 Nc6 3. Bc4 Nf6 4. d3 Bc5 5. O-O d6 6. h3 h6 7. c3 a5 8. a4 O-O
9. Nbd2 Re8 10. Ba2 Be6 11. Bxe6 Rxe6 12. Qe2 d5 13. Rd1 dxe4 14. Nxe4 Nxe4 15.
dxe4 Rd6 16. Rxd6 Qxd6 17. Be3 Bxe3 18. Rd1 Bxf2+ 19. Kxf2 Qc5+ 20. Qe3 Qc4 21.
Rd5 Re8 22. Rd7 Qxa4 23. Qd3 Qb3 24. Qd2 a4 25. Kg3 Qe6 26. Qd5 Qg6+ 27. Kf2
Qf6 28. Rxc7 Rd8 29. Rd7 Rxd7 30. Qxd7 Qf4 31. Qd5 Qc1 32. Nxe5 Qxb2+ 33. Kg1
Qc1+ 0-1

[Event "4NCL Division Four"]
[Site "Daventry, ENG"]
[Date "2022.11.06"]
[Round "2.164"]
[White "Walner, Milenko"]
[Black "Gibson, Stephen"]
[Result "1-0"]
[WhiteElo "1758"]
[BlackElo "1505"]
[PlyCount "45"]
[EventDate "2022.11.06"]
[WhiteTeam "MASCeteers"]
[BlackTeam "Deaf England"]

1. e4 e6 2. c4 Nf6 3. e5 Ng8 4. d4 Bb4+ 5. Bd2 Bxd2+ 6. Nxd2 Ne7 7. Bd3 Nbc6 8.
Qg4 Ng6 9. h4 h5 10. Qg3 Nxd4 11. Bxg6 fxg6 12. Qxg6+ Kf8 13. Ngf3 Rh6 14. Qd3
Nf5 15. Nb3 c5 16. O-O-O b5 17. Rh3 Rg6 18. g3 Bb7 19. Nbd2 d5 20. Ng5 d4 21.
Nxe6+ Rxe6 22. Qxf5+ Ke7 23. Qg5+ 1-0

[Event "4NCL Division Four"]
[Site "Daventry, ENG"]
[Date "2022.11.06"]
[Round "2.165"]
[White "Mullins. Steven A"]
[Black "Isik, Muhammed Oguz"]
[Result "0-1"]
[WhiteElo "1516"]
[BlackElo "1679"]
[PlyCount "124"]
[EventDate "2022.11.06"]
[WhiteTeam "Deaf England"]
[BlackTeam "MASCeteers"]

1. f4 e6 2. Nf3 b6 3. e3 Bb7 4. Be2 Nf6 5. O-O Be7 6. d4 O-O 7. Nbd2 c5 8. c3
Nd5 9. Nc4 Qc7 10. Nfe5 cxd4 11. exd4 f6 12. Nd3 Nxc3 13. bxc3 Qxc4 14. Qc2 Qc7
15. Bb2 Nc6 16. Qc1 Na5 17. Ne1 Nc4 18. Bxc4 Qxc4 19. Nc2 e5 20. Ba3 Bxa3 21.
Nxa3 Qd3 22. Rd1 Qe4 23. Qd2 exf4 24. Re1 Qg6 25. d5 f3 26. g3 Rae8 27. c4 Qg4
28. Qd3 Re5 29. Nb5 Rfe8 30. Rxe5 fxe5 31. Nd6 e4 32. Qe3 Qh3 33. Qf2 Rf8 34.
Nxe4 Ba6 35. Rc1 Qg4 36. Nd2 h5 37. Rc3 h4 38. a3 hxg3 39. hxg3 Rf5 40. Kf1
Qh3+ 41. Ke1 Qh1+ 42. Nf1 Qg2 43. Ne3 Qh1+ 44. Kd2 Rh5 45. Kd3 Rh2 46. Qf1
Qxf1+ 47. Nxf1 Re2 48. Nd2 Rg2 49. Ne4 Re2 50. Rc1 Ra2 51. Nd2 Rxa3+ 52. Rc3
Rxc3+ 53. Kxc3 f2 54. Kd3 b5 55. Ke2 bxc4 56. Kxf2 Kf7 57. Ke3 Ke7 58. Kd4 Kf6
59. Nxc4 Bxc4 60. Kxc4 Ke5 61. Kc5 d6+ 62. Kc6 a5 0-1

[Event "4NCL Division Four"]
[Site "Daventry, ENG"]
[Date "2023.01.08"]
[Round "4.11"]
[White "Lawson, Maurice E"]
[Black "Rawlinson, Aidan M"]
[Result "0-1"]
[WhiteElo "1965"]
[BlackElo "2225"]
[PlyCount "64"]
[EventDate "2023.01.08"]
[WhiteTeam "CSC/Kingston 2"]
[BlackTeam "Average Wood Pushers A"]

1. e4 g6 2. Nc3 Bg7 3. d4 d6 4. Be3 a6 5. a4 Nf6 6. f3 O-O 7. Bc4 e6 8. Nge2 d5
9. Bb3 dxe4 10. Nxe4 Nxe4 11. fxe4 Qh4+ 12. Ng3 c5 13. c3 cxd4 14. cxd4 Nc6 15.
O-O Nxd4 16. Bxd4 Rd8 17. Qf3 Bxd4+ 18. Kh1 Rf8 19. Rae1 Be5 20. Re3 Bd7 21.
Rd1 Bc6 22. Nf1 Bxb2 23. Qe2 Be5 24. Rh3 Qg5 25. Nd2 Rad8 26. Nf3 Rxd1+ 27.
Bxd1 Qf6 28. Rh4 Rd8 29. Bb3 Bc7 30. Qe3 Qa1+ 31. Ng1 Be5 32. Qb6 Rd7 0-1

[Event "4NCL Division Four"]
[Site "Daventry, ENG"]
[Date "2023.01.08"]
[Round "4.12"]
[White "Smith, Alan A"]
[Black "Hasson, Peter"]
[Result "1/2-1/2"]
[WhiteElo "2170"]
[BlackElo "1929"]
[PlyCount "65"]
[EventDate "2023.01.08"]
[WhiteTeam "Average Wood Pushers A"]
[BlackTeam "CSC/Kingston 2"]

1. e4 d6 2. d4 Nf6 3. Nc3 g6 4. Nf3 Bg7 5. Be3 a6 6. h3 O-O 7. a4 Nc6 8. a5 e5
9. d5 Ne7 10. Be2 Nh5 11. O-O f5 12. exf5 Nxf5 13. Bg5 Nf6 14. g4 Ne7 15. Qd2
Kh8 16. Nh2 Neg8 17. Be3 Ne7 18. Rfd1 Bd7 19. Nf1 Be8 20. Ng3 Bf7 21. Bf3 Qe8
22. Qe2 e4 23. Ngxe4 Nfxd5 24. Bd4 Bxd4 25. Rxd4 Nc6 26. Rdd1 Nf4 27. Qe3 Bc4
28. Bg2 Qe5 29. Re1 Rae8 30. Nd2 Qxe3 31. fxe3 Nxg2 32. Kxg2 Ne5 33. b3 1/2-1/2

[Event "4NCL Division Four"]
[Site "Daventry, ENG"]
[Date "2023.01.08"]
[Round "4.13"]
[White "Selemir, Maxim"]
[Black "Garcia-Ruiz Fuentes, Aitor"]
[Result "0-1"]
[WhiteElo "1794"]
[BlackElo "2060"]
[PlyCount "76"]
[EventDate "2023.01.08"]
[WhiteTeam "CSC/Kingston 2"]
[BlackTeam "Average Wood Pushers A"]

1. e4 c5 2. Nf3 Nc6 3. d4 cxd4 4. Nxd4 Nf6 5. Nc3 e5 6. Ndb5 d6 7. Bg5 a6 8.
Bxf6 gxf6 9. Na3 b5 10. Nd5 f5 11. exf5 Bg7 12. c3 Bxf5 13. Qf3 Bg6 14. h4 e4
15. Qe3 h5 16. f4 Ne7 17. Nxe7 Qxe7 18. Nc2 O-O 19. Be2 Bh6 20. g4 hxg4 21.
Bxg4 Qf6 22. h5 Bh7 23. Rg1 Kh8 24. Qf2 Qxf4 25. Qxf4 Bxf4 26. Rf1 Bg3+ 27. Kd2
f5 28. Bh3 f4 29. Nd4 Rae8 30. Ne6 Rf6 31. Nc7 Re5 32. Rad1 e3+ 33. Ke2 f3+ 34.
Rxf3 Rxf3 35. Kxf3 e2 36. Rc1 e1=Q 37. Rxe1 Bxe1 38. Nxa6 Rxh5 0-1

[Event "4NCL Division Four"]
[Site "Daventry, ENG"]
[Date "2023.01.08"]
[Round "4.14"]
[White "Kay, Lee P"]
[Black "Vachtfeidl, Petr"]
[Result "0-1"]
[WhiteElo "2059"]
[BlackElo "1877"]
[PlyCount "96"]
[EventDate "2023.01.08"]
[WhiteTeam "Average Wood Pushers A"]
[BlackTeam "CSC/Kingston 2"]

1. d4 Nf6 2. Bg5 e6 3. e4 h6 4. Bxf6 Qxf6 5. Nf3 d6 6. Nc3 c6 7. Qd2 e5 8. h3
Nd7 9. O-O-O Be7 10. Kb1 O-O 11. Be2 Bd8 12. g4 Ba5 13. g5 hxg5 14. Rhg1 exd4
15. Nxd4 Nc5 16. f3 Qf4 17. Bf1 Qxd2 18. Rxd2 f6 19. Bc4+ Kh7 20. Rdg2 Bxc3 21.
bxc3 Re8 22. h4 g4 23. Nf5 Bxf5 24. exf5 d5 25. Bd3 g3 26. Rxg3 Re7 27. Kb2
Rae8 28. c4 Nxd3+ 29. cxd3 dxc4 30. dxc4 Re2+ 31. Kc3 R8e7 32. h5 c5 33. Kb3 a6
34. f4 R7e3+ 35. Rxe3 Rxe3+ 36. Ka4 Re4 37. h6 Rxc4+ 38. Ka5 gxh6 39. Rg6 Rxf4
40. Rxf6 Kg7 41. Rg6+ Kh7 42. Rd6 Rxf5 43. Rd7+ Kg6 44. Rxb7 c4+ 45. Kxa6 Rc5
46. Rb2 c3 47. Rc2 Kf5 48. Kb6 Rc8 0-1

[Event "4NCL Division Four"]
[Site "Daventry, ENG"]
[Date "2023.01.08"]
[Round "4.15"]
[White "Eckert, Jonathan"]
[Black "Burke, Mitchell R"]
[Result "0-1"]
[WhiteElo "1715"]
[BlackElo "2028"]
[PlyCount "60"]
[EventDate "2023.01.08"]
[WhiteTeam "CSC/Kingston 2"]
[BlackTeam "Average Wood Pushers A"]

1. e4 c5 2. Nc3 g6 3. f4 Bg7 4. Nf3 Nc6 5. Bb5 Nd4 6. O-O a6 7. Bc4 e6 8. d3
Ne7 9. Nxd4 cxd4 10. Ne2 d5 11. Bb3 O-O 12. Qe1 dxe4 13. dxe4 Bd7 14. Ng3 Qb6
15. Kh1 Rfe8 16. Qf2 Rad8 17. Bd2 Qc7 18. e5 Bc6 19. Rfe1 b5 20. Bb4 Qb7 21.
Rad1 Nd5 22. Bxd5 Bxd5 23. Bd6 Bf8 24. Bxf8 Rxf8 25. Ne2 f6 26. exf6 Rxf6 27.
Rxd4 Rdf8 28. Qg3 Qc7 29. f5 Qxc2 30. fxe6 Qxe2 0-1

[Event "4NCL Division Four"]
[Site "Daventry, ENG"]
[Date "2023.01.08"]
[Round "4.16"]
[White "Zhu, Yaoyao"]
[Black "Moss, Stephen"]
[Result "1-0"]
[WhiteElo "2056"]
[BlackElo "1672"]
[PlyCount "93"]
[EventDate "2023.01.08"]
[WhiteTeam "Average Wood Pushers A"]
[BlackTeam "CSC/Kingston 2"]

1. e4 d5 2. exd5 Nf6 3. Nf3 Nxd5 4. d4 Bg4 5. c4 Nb6 6. Be2 e6 7. h3 Bh5 8. Nc3
Be7 9. Be3 O-O 10. g4 Bg6 11. h4 Bb4 12. Qb3 Bxc3+ 13. Qxc3 Nc6 14. h5 Be4 15.
h6 Bxf3 16. Bxf3 Qf6 17. Be4 g6 18. g5 Qh8 19. Bxc6 bxc6 20. Bf4 Nd7 21. Bxc7
f6 22. f4 fxg5 23. fxg5 Rf5 24. Qe3 Kf7 25. O-O-O Qc8 26. Rhe1 Nb6 27. Bxb6
axb6 28. Kb1 Qd7 29. d5 cxd5 30. Qd4 Kg8 31. Rxe6 Qf7 32. Rde1 Rf1 33. Qxd5
Rxe1+ 34. Rxe1 Qxd5 35. cxd5 Rd8 36. Re5 Rf8 37. d6 Rd8 38. Re6 Rd7 39. b4 Kf7
40. Re7+ Rxe7 41. dxe7 Kxe7 42. a4 Kd6 43. a5 bxa5 44. bxa5 Kc5 45. Kc2 Kb5 46.
Kd3 Kxa5 47. Ke4 1-0

[Event "4NCL Division Four"]
[Site "Daventry, ENG"]
[Date "2023.01.08"]
[Round "4.21"]
[White "Waddington, Mike P"]
[Black "Smith, Mark"]
[Result "0-1"]
[WhiteElo "2097"]
[BlackElo "1914"]
[PlyCount "132"]
[EventDate "2023.01.08"]
[WhiteTeam "Poole Patzers"]
[BlackTeam "Barnet Knights C"]

1. e4 Nf6 2. e5 Nd5 3. d4 d6 4. Nf3 dxe5 5. Nxe5 g6 6. Bd3 Bg7 7. O-O O-O 8.
Re1 Nd7 9. a3 Nxe5 10. dxe5 Be6 11. Qe2 c6 12. Bg5 Re8 13. Nd2 Qc7 14. c4 Nb6
15. Nf3 Bg4 16. Bf4 e6 17. h3 Bxf3 18. Qxf3 Nd7 19. Qe3 Qb6 20. Qxb6 Nxb6 21.
Bg5 Nd7 22. f4 h6 23. Bh4 g5 24. Bg3 Nc5 25. Bc2 a5 26. b3 Red8 27. Rad1 Kf8
28. fxg5 Rxd1 29. Rxd1 hxg5 30. Bf2 b6 31. Be3 g4 32. Bf4 gxh3 33. gxh3 Ke8 34.
Rd6 Rc8 35. Rd2 Rd8 36. Rg2 Kf8 37. Re2 Rd4 38. Be3 Rh4 39. Kg2 Rh5 40. Bf4 Nd7
41. Rd2 Bxe5 42. Be3 Ke7 43. Be4 c5 44. Bc6 Bd6 45. Bf3 Rh8 46. Bg5+ f6 47. Be3
Ne5 48. Be4 Rg8+ 49. Kf2 f5 50. Bb7 Nf7 51. Ke2 Rg3 52. Rd1 Rxh3 53. b4 f4 54.
Bf2 Rxa3 55. b5 Rc3 56. Bh4+ Kf8 57. Bf6 Rxc4 58. Rg1 Be5 59. Bxe5 Nxe5 60. Rh1
Kg7 61. Rg1+ Kf6 62. Rg8 Rd4 63. Rf8+ Ke7 64. Rb8 Rd8 65. Bc8 Nd7 66. Ra8 Kd6
0-1

[Event "4NCL Division Four"]
[Site "Daventry, ENG"]
[Date "2023.01.08"]
[Round "4.22"]
[White "Page, Thomas"]
[Black "Duggan, Michael F G"]
[Result "0-1"]
[WhiteElo "1668"]
[BlackElo "2060"]
[PlyCount "78"]
[EventDate "2023.01.08"]
[WhiteTeam "Barnet Knights C"]
[BlackTeam "Poole Patzers"]

1. d4 Nf6 2. c4 c5 3. d5 b5 4. cxb5 a6 5. Nc3 axb5 6. Nxb5 Ba6 7. Nc3 g6 8. g3
Bg7 9. Bg2 d6 10. Nf3 Nbd7 11. O-O Qb6 12. Qc2 O-O 13. h3 Rfb8 14. Rd1 Bc4 15.
Nd2 Ba6 16. f4 c4+ 17. Kh2 Nc5 18. Nde4 Nfxe4 19. Nxe4 Nxe4 20. Bxe4 Bxb2 21.
Bxb2 Qxb2 22. Rab1 Qxc2 23. Bxc2 c3 24. e4 Bc4 25. a4 Rb2 26. Rxb2 cxb2 27. Rd4
Bb3 28. Bb1 Rxa4 29. Rxa4 Bxa4 30. Kg2 Bb3 31. Kf2 f5 32. exf5 gxf5 33. Ke3
Bxd5 34. Kd4 Be4 35. Ba2+ Kg7 36. g4 b1=Q 37. Bxb1 Bxb1 38. Kd5 fxg4 39. hxg4
Kf6 0-1

[Event "4NCL Division Four"]
[Site "Daventry, ENG"]
[Date "2023.01.08"]
[Round "4.23"]
[White "Weatherlake, John P"]
[Black "Michener, Max"]
[Result "1/2-1/2"]
[WhiteElo "2022"]
[BlackElo "1502"]
[PlyCount "113"]
[EventDate "2023.01.08"]
[WhiteTeam "Poole Patzers"]
[BlackTeam "Barnet Knights C"]

1. e4 e5 2. Bc4 Nf6 3. d3 c6 4. Nf3 d5 5. Bb3 Bd6 6. O-O Bg4 7. h3 Be6 8. Ng5
h6 9. Nxe6 fxe6 10. Qe2 O-O 11. f4 exf4 12. e5 Bc5+ 13. Kh1 Nfd7 14. c3 Qh4 15.
d4 f3 16. gxf3 Qxh3+ 17. Kg1 Qg3+ 18. Qg2 Qxg2+ 19. Kxg2 Be7 20. Be3 c5 21. Nd2
cxd4 22. cxd4 Nc6 23. Rh1 Bb4 24. Nf1 Ba5 25. Kf2 Bb6 26. Rd1 Ne7 27. Ng3 Nb8
28. Rdg1 Kf7 29. Rh4 Ke8 30. Rg4 g5 31. Ke2 Nbc6 32. Ba4 Rc8 33. Rh1 Ng8 34.
Nh5 Ke7 35. Rh3 Rc7 36. a3 a5 37. Kd3 Kd8 38. f4 Bxd4 39. Bxd4 Nxd4 40. Nf6
Nxf6 41. exf6 Nf5 42. fxg5 hxg5 43. Rxg5 Rcf7 44. Rg6 Rxf6 45. Rxf6 Rxf6 46.
Rh7 Kc8 47. b4 axb4 48. axb4 Kb8 49. Bd7 Ka7 50. Bc6 Kb6 51. Bxb7 Nd6 52. Ba8
Rf7 53. Rxf7 Nxf7 54. Kd4 e5+ 55. Kxd5 Kb5 56. Ke6 Kxb4 57. Kxf7 1/2-1/2

[Event "4NCL Division Four"]
[Site "Daventry, ENG"]
[Date "2023.01.08"]
[Round "4.24"]
[White "Smith, Henry"]
[Black "Fuller, David Michael"]
[Result "1/2-1/2"]
[WhiteElo "1513"]
[BlackElo "1980"]
[PlyCount "45"]
[EventDate "2023.01.08"]
[WhiteTeam "Barnet Knights C"]
[BlackTeam "Poole Patzers"]

1. d4 e6 2. Nf3 f5 3. g3 Nf6 4. Bg2 Be7 5. c4 O-O 6. O-O d6 7. Nc3 Ne4 8. Qc2
Nxc3 9. Qxc3 Bf6 10. Qd2 a5 11. Re1 e5 12. dxe5 dxe5 13. Qxd8 Rxd8 14. e4 Nc6
15. exf5 Nb4 16. Bg5 Bxf5 17. Bxf6 gxf6 18. Red1 Rxd1+ 19. Rxd1 Be6 20. a3 Nc6
21. h4 Rd8 22. Rxd8+ Nxd8 23. Nd2 1/2-1/2